Statistics for Capitals of the Countries that Start with I

Click here to take the quiz!

General Stats

  • This quiz has been taken 165 times
    (133 since last reset)
  • The average score is 8 of 9

Answer Stats

CountryCapital% Correct
IndiaNew Delhi
99%
IrelandDublin
98%
IsraelJerusalem
98%
ItalyRome
98%
IndonesiaJakarta
97%
IcelandReykjavik
97%
IranTehran
96%
IraqBaghdad
95%
Ivory CoastYamoussoukro
66%

Score Distribution

Percentile by Number Answered

Percent of People with Each Score

Your Score History

You have not taken this quiz since the last reset